[Event "Mondiale Lampo FIDE 2019"]
[Site "Mosca"]
[Date "30.12.2019"]
[Round "20.84"]
[White "Ismagambetov, Anuar"]
[Black "Moiseenko, Vadim"]
[Result "1-0"]
[WhiteTitle "GM"]
[BlackTitle "GM"]
[WhiteElo "2528"]
[BlackElo "2526"]
[WhiteFideId "13701525"]
[BlackFideId "4123700"]
[EventDate "2019.12.29"]

1. e4 e5 2. Nf3 Nc6 3. Nc3 g6 4. g3 Bg7 5. Bg2 Nge7 6. O-O O-O 7. d3 d6 8. Be3
h6 9. Qd2 Kh7 10. h3 f5 11. Nh2 Be6 12. Nd5 Qd7 13. Nxe7 Nxe7 14. exf5 Nxf5 15.
Bxb7 Rab8 16. Bg2 Rxb2 17. Rab1 Rxa2 18. Rb7 Nxe3 19. fxe3 Rxf1+ 20. Nxf1 e4 21.
d4 Qc6 22. Rb1 Rxc2 23. Qd1 a5 24. Nd2 a4 25. Bxe4 Rxd2 26. Bxc6 Rxd1+ 27. Rxd1
a3 28. Ra1 a2 29. Kf2 g5 30. Ke2 Kg6 31. Kd3 h5 32. g4 1-0

[Event "Mondiale Lampo FIDE 2019"]
[Site "Mosca"]
[Date "30.12.2019"]
[Round "20.85"]
[White "Blohberger, Felix"]
[Black "Guseinov, Gadir"]
[Result "0-1"]
[WhiteTitle "IM"]
[BlackTitle "GM"]
[WhiteElo "2434"]
[BlackElo "2666"]
[WhiteFideId "1632051"]
[BlackFideId "13401378"]
[EventDate "2019.12.29"]

1. Nf3 g6 2. e4 c5 3. c4 Nc6 4. d4 cxd4 5. Nxd4 Nf6 6. Nc3 Bg7 7. Be3 O-O 8. Be2
b6 9. O-O Bb7 10. f3 e6 11. Qd2 d5 12. cxd5 exd5 13. Nxc6 Bxc6 14. e5 Ne8 15. f4
f6 16. exf6 Bxf6 17. Rad1 Nc7 18. f5 Qe7 19. fxg6 hxg6 20. Bd4 Bxd4+ 21. Qxd4
Qc5 22. Rxf8+ Rxf8 23. Bf3 Rd8 24. g3 Kf7 25. Kg2 Qxd4 26. Rxd4 Kf6 27. h4 Ke5
28. Rd2 a5 29. Ne2 Ne6 30. Nc3 Nd4 31. Ne2 Ne6 32. Nc3 b5 33. a3 b4 34. axb4
axb4 35. Na2 Rb8 36. Nc1 Kd6 37. Nd3 b3 38. Nf4 Nxf4+ 39. gxf4 Rb4 40. Kg3 d4
41. Bxc6 Kxc6 42. Kg4 Kd5 43. Kg5 Ke4 44. Re2+ Kf3 45. Re5 d3 46. Rd5 Ke3 47.
Kxg6 Rd4 48. Re5+ Kxf4 49. Re1 d2 50. Rd1 Ke3 51. h5 Ke2 0-1

[Event "Mondiale Lampo FIDE 2019"]
[Site "Mosca"]
[Date "30.12.2019"]
[Round "20.86"]
[White "Gurvich, Vitaly"]
[Black "Krsnik Cohar, Ivan Vihor"]
[Result "1-0"]
[WhiteTitle "FM"]
[BlackTitle "FM"]
[WhiteElo "2230"]
[BlackElo "2313"]
[WhiteFideId "24164852"]
[BlackFideId "14520044"]
[EventDate "2019.12.29"]

1. c4 e5 2. g3 Nc6 3. Bg2 f5 4. Nc3 Nf6 5. d3 Bb4 6. Bd2 Bxc3 7. Bxc3 O-O 8. e3
d6 9. b3 Bd7 10. Ne2 Qe8 11. d4 Rd8 12. Qc2 f4 13. gxf4 exf4 14. Nxf4 Ng4 15.
O-O-O a5 16. h3 Nxe3 17. fxe3 Qxe3+ 18. Bd2 Qxd4 19. Bd5+ Kh8 20. Ne2 Qa1+ 21.
Qb1 Qe5 22. Nc3 Nb4 23. Be4 Rf2 24. a3 Rxd2 25. Kxd2 Qd4+ 26. Ke2 Qxc3 27. axb4
Re8 28. Qd3 Qe5 29. Rhe1 Qh2+ 30. Ke3 Bf5 31. Kf3 Qxh3+ 32. Kf2 Qh2+ 33. Kf3
Qh5+ 34. Kg2 Qg4+ 35. Kh2 Qh4+ 36. Kg1 Qg4+ 37. Kh2 Qf4+ 38. Qg3 Qxg3+ 39. Kxg3
Bxe4 40. Rd4 Bg6 41. Rxe8+ Bxe8 42. Re4 Bc6 43. Re7 axb4 44. Rxc7 h6 45. Rc8+
Kh7 46. Rd8 Kg6 47. Rxd6+ Kf5 48. c5 h5 49. Rd4 g5 50. Rxb4 h4+ 51. Kh3 Ke5 52.
Kh2 Be4 53. Kh3 Bf5+ 54. Kh2 Bc8 55. Rb6 g4 56. Rh6 h3 57. Kg3 Be6 58. b4 Bd7
59. Rh7 Bc8 60. Rc7 Be6 61. Rxb7 Kd5 62. Re7 Bf5 63. Re1 Kc6 64. Rf1 Bc8 65.
Rf6+ Kb5 66. Rb6+ Kc4 67. Rb8 Bf5 68. c6 Be6 69. c7 Bd7 70. c8=Q+ Bxc8 71. Rxc8+ 1-0

[Event "Mondiale Lampo FIDE 2019"]
[Site "Mosca"]
[Date "30.12.2019"]
[Round "20.87"]
[White "Yagupov, Igor"]
[Black "Geller, Jakov"]
[Result "0-1"]
[WhiteTitle "GM"]
[BlackTitle "GM"]
[WhiteElo "2357"]
[BlackElo "2521"]
[WhiteFideId "4113632"]
[BlackFideId "4151984"]
[EventDate "2019.12.29"]

1. e4 c5 2. Nf3 e6 3. d4 cxd4 4. Nxd4 Nc6 5. Nc3 Qc7 6. Be3 a6 7. Qd2 Nf6 8. f4
b5 9. e5 Ng4 10. Bg1 Bb7 11. O-O-O Rc8 12. Kb1 Nxd4 13. Bxd4 Nh6 14. Bd3 Be7 15.
h3 Nf5 16. Bxf5 exf5 17. Rhg1 b4 18. Na4 Be4 19. Rc1 Qc6 20. b3 O-O 21. g4 d6
22. exd6 Qxd6 23. gxf5 Bf6 24. Bxf6 Qxf6 25. Qxb4 Qxf5 26. Nc3 Bc6 27. Kb2 Rfe8
28. Rg5 Qf6 29. Rcg1 g6 30. Rc5 Bf3 31. Rg3 Rxc5 32. Qxc5 Qxf4 33. Qf2 Re3 34.
Rg4 Qe5 35. Rc4 Kg7 36. a4 a5 37. Qd2 h5 38. h4 Bg4 39. Qd4 Qxd4 40. Rxd4 f5 41.
Rd7+ Kf6 42. Nd5+ Ke6 43. Re7+ Kxd5 44. Rxe3 f4 45. Re1 f3 46. Kc3 Bh3 47. Rd1+
Ke4 48. Rd2 Ke3 49. Rd3+ Ke2 50. Rd2+ Ke1 51. Rh2 Bg2 52. b4 axb4+ 53. Kxb4 f2
54. Rxg2 f1=Q 55. Rxg6 Qf4+ 56. Kb3 Qe3+ 57. Kb2 Qd4+ 58. c3 Qd2+ 59. Kb3 Qd1+
60. Kc4 Qxa4+ 61. Kd5 Qxh4 62. Re6+ Kd2 63. c4 Kc3 64. c5 Qd4+ 65. Kc6 h4 66.
Rd6 Qc4 67. Kb6 Qb4+ 68. Kc6 h3 69. Rh6 Qa4+ 70. Kb6 Qb4+ 71. Kc6 Qg4 72. Kb6
Qg3 73. Kb5 h2 74. Rh7 Qd3+ 0-1

[Event "Mondiale Lampo FIDE 2019"]
[Site "Mosca"]
[Date "30.12.2019"]
[Round "20.88"]
[White "Belousov, Danila"]
[Black "Tsoi, Dmitry"]
[Result "1-0"]
[WhiteTitle "FM"]
[BlackTitle "FM"]
[WhiteElo "2274"]
[BlackElo "2321"]
[WhiteFideId "4167350"]
[BlackFideId "24194697"]
[EventDate "2019.12.29"]

1. e4 d6 2. d4 Nf6 3. Nc3 e5 4. Nf3 Nbd7 5. g4 exd4 6. Nxd4 Nc5 7. f3 Nxg4 8.
fxg4 Qh4+ 9. Kd2 Qg5+ 10. Ke1 Qh4+ 11. Kd2 g6 12. Nf3 Qxg4 13. Qe2 Bg7 14. Rg1
Qh5 15. Ke1 Bg4 16. Rg3 Be5 17. Rxg4 Qxg4 18. Nxe5 Qh4+ 19. Qf2 Qxf2+ 20. Kxf2
dxe5 21. Bg5 f6 22. Be3 Nd7 23. Nd5 Rc8 24. Bh3 f5 25. Rd1 c6 26. Nc3 Rf8 27.
Ke2 Ke7 28. Bg5+ Ke8 29. exf5 gxf5 30. Ne4 Nb6 31. Nd6+ Kd7 32. Nxc8+ Kxc8 33.
Rf1 Kc7 34. Rxf5 Rg8 35. Rf7+ Kd6 36. Be3 Nd5 37. Rd7# 1-0

[Event "Mondiale Lampo FIDE 2019"]
[Site "Mosca"]
[Date "30.12.2019"]
[Round "20.89"]
[White "Pogosyan, Stefan"]
[Black "Tregubov, Pavel V."]
[Result "0-1"]
[WhiteTitle "IM"]
[BlackTitle "GM"]
[WhiteElo "2459"]
[BlackElo "2588"]
[WhiteFideId "34159867"]
[BlackFideId "4115341"]
[EventDate "2019.12.29"]

1. d4 Nf6 2. c4 e6 3. Nf3 Bb4+ 4. Bd2 Qe7 5. g3 Bxd2+ 6. Qxd2 Nc6 7. Nc3 d5 8.
Bg2 dxc4 9. O-O O-O 10. e4 Rd8 11. Rad1 Rb8 12. a4 a6 13. Rfe1 Nb4 14. Bf1 b5
15. Qf4 Nd3 16. Bxd3 cxd3 17. Rxd3 b4 18. Nb1 Bb7 19. Nbd2 c5 20. Rc1 Rbc8 21.
a5 h6 22. h4 Qc7 23. Qe3 cxd4 24. Rxc7 dxe3 25. Rxc8 Rxc8 26. Rxe3 Rc1+ 27. Kh2
Rc2 28. Rb3 Nxe4 29. Nxe4 Bxe4 30. Ne5 Rxf2+ 31. Kg1 Rg2+ 32. Kf1 Bd5 33. Rxb4
Rxg3 34. Nd7 Rb3 35. Rxb3 Bxb3 36. Ke2 Bc4+ 37. Ke3 g5 38. hxg5 hxg5 39. b4 Kg7
40. Ne5 Bb5 41. Nf3 Kg6 42. Nd4 Bc4 43. b5 axb5 44. a6 b4 45. a7 Bd5 46. Kd2 g4
47. Nc2 b3 48. Ne3 Be4 49. Kc3 g3 50. Kxb3 g2 0-1

[Event "Mondiale Lampo FIDE 2019"]
[Site "Mosca"]
[Date "30.12.2019"]
[Round "20.90"]
[White "Gutenev, Alexander"]
[Black "Tengis, Tsog-Ochir"]
[Result "1/2-1/2"]
[WhiteTitle "IM"]
[BlackTitle "FM"]
[WhiteElo "2469"]
[BlackElo "2190"]
[WhiteFideId "4195540"]
[BlackFideId "4902718"]
[EventDate "2019.12.29"]

1. e4 e5 2. Nf3 Nc6 3. Bb5 Nf6 4. O-O Nxe4 5. Re1 Nd6 6. Nxe5 Nxe5 7. Rxe5+ Be7
8. Bf1 O-O 9. d4 Bf6 10. Re1 Nf5 11. d5 d6 12. Nd2 Bd7 13. Ne4 Re8 14. c3 c6 15.
Bc4 b5 16. Bb3 c5 17. Bc2 g6 18. Bf4 Be5 19. Bg5 Qb6 20. Nf6+ Bxf6 21. Bxf6 h6
22. Qd2 Kh7 23. Rxe8 Rxe8 24. Re1 Qb8 25. g4 Ng7 26. h3 Qc8 27. Re7 Rxe7 28.
Bxe7 h5 29. Qf4 hxg4 30. Qxf7 Bf5 31. Bf8 Qd7 32. Qxd7 Bxd7 33. hxg4 Ne8 34. f3
Kg8 35. Be7 Kf7 36. Bg5 Nc7 37. Be4 Bc8 38. b3 c4 39. Be3 a6 40. Bb6 Ne8 41.
bxc4 bxc4 42. Kf2 Nf6 43. Ke3 Nxe4 44. Kxe4 Bd7 45. Be3 Bb5 46. Bg5 Ke8 47. Bf6
Kf7 48. Bd4 Ke8 49. Bf2 Kf7 50. Kd4 Kf6 51. Bg3 Ke7 52. Ke4 Ba4 53. a3 Bd1 54.
Bf4 Kd7 55. Ke3 Ke7 56. Bh6 Kd7 57. Bf8 Kc7 58. Kf4 Kd7 59. Kg3 Kc7 60. f4 Kd7
61. f5 gxf5 62. gxf5 Bc2 63. Kf4 a5 64. Bg7 a4 65. Bd4 Ke7 66. Bb6 Bd3 67. Ba5
Bf1 68. Ke4 Bd3+ 69. Kd4 Bxf5 70. Kxc4 Bd7 71. Bc7 Be8 72. Kb4 Bd7 73. Ka5 Be8
74. Kb6 Kd7 75. c4 Bg6 76. Bb8 Bd3 77. Kb5 Be2 78. Kb4 Bf1 79. Ba7 Be2 80. Bf2
Bf1 81. Bg3 Be2 82. Kc3 Bf1 83. Kd4 Be2 84. Bf4 Bf1 85. Kc3 Be2 86. Kb4 Bf1 87.
Be3 1/2-1/2

[Event "Mondiale Lampo FIDE 2019"]
[Site "Mosca"]
[Date "30.12.2019"]
[Round "20.91"]
[White "Makoveev, Ilya"]
[Black "Mozharov, Mikhail"]
[Result "1-0"]
[WhiteTitle "FM"]
[BlackTitle "GM"]
[WhiteElo "2277"]
[BlackElo "2558"]
[WhiteFideId "34155748"]
[BlackFideId "4189825"]
[EventDate "2019.12.29"]

1. e4 c6 2. d4 d5 3. e5 c5 4. dxc5 Nc6 5. f4 e6 6. Be3 d4 7. Bf2 Bxc5 8. Nf3
Nge7 9. Bd3 a5 10. a3 a4 11. O-O Nd5 12. g3 h6 13. Qe2 Qb6 14. Nbd2 Bd7 15. Ne4
Ne3 16. Rfe1 Ng4 17. Nxc5 Qxc5 18. c3 Nxf2 19. Qxf2 Rd8 20. cxd4 Qb6 21. Rad1
Na5 22. f5 exf5 23. d5 Qxf2+ 24. Kxf2 Nb3 25. e6 fxe6 26. Bxf5 O-O 27. dxe6 Rxf5
28. Rxd7 Rdf8 29. e7 Re8 30. Kg2 Kf7 31. Rxb7 Rd5 32. Ne5+ Kg8 33. Nc6 Rd6 34.
Rb8 Kf7 35. Ne5+ 1-0

[Event "Mondiale Lampo FIDE 2019"]
[Site "Mosca"]
[Date "30.12.2019"]
[Round "20.92"]
[White "Guliyev, Namig"]
[Black "Zarubitski, Viachaslau"]
[Result "0-1"]
[WhiteTitle "GM"]
[BlackTitle "IM"]
[WhiteElo "2548"]
[BlackElo "2451"]
[WhiteFideId "13400363"]
[BlackFideId "13509373"]
[EventDate "2019.12.29"]

1. e4 e5 2. Nf3 Nf6 3. Nxe5 d6 4. Nf3 Nxe4 5. d4 d5 6. Bd3 Bd6 7. O-O O-O 8. c4
c6 9. Re1 Bf5 10. Nc3 Nxc3 11. bxc3 Bxd3 12. Qxd3 dxc4 13. Qxc4 Nd7 14. a4 Qa5
15. Qb3 Qc7 16. c4 Rfe8 17. Bd2 Nf6 18. g3 Rxe1+ 19. Rxe1 Re8 20. Rb1 b6 21. a5
bxa5 22. Qa4 Bb4 23. Bxb4 axb4 24. Qxb4 a5 25. Qc5 Nd7 26. Qa3 h6 27. Ra1 Ra8
28. Qe7 Qa7 29. Ra4 Nb6 30. Qxa7 Rxa7 31. Ra2 Nxc4 32. Kf1 a4 33. Ke2 a3 34. Kd3
Nd6 35. Ne5 Ra6 36. Kc3 Nb5+ 37. Kc4 Ra4+ 38. Kb3 Rxd4 39. Nxc6 Rd1 40. Kc4 Nd6+
41. Kb4 Rb1+ 42. Kc5 Ne4+ 43. Kd4 Rb2 44. Rxa3 Nxf2 45. Ne5 Nh3 46. Ra8+ Kh7 47.
Nxf7 Rxh2 48. Ke3 Rf2 49. Rh8+ Kg6 50. Ne5+ Kf5 51. Nd3 Ra2 52. Rg8 g5 53. Rh8
Kg4 54. Rxh6 Kxg3 55. Nc5 Ra3+ 56. Kd4 Nf2 57. Ne6 g4 58. Ng7 Rd3+ 59. Kc4 Rd7
60. Nh5+ Kf3 61. Rf6+ Ke3 62. Re6+ Kf3 63. Rf6+ Ke3 64. Re6+ Kf3 65. Rf6+ Kg2
66. Rg6 Kh3 67. Nf6 Rd1 68. Nxg4 Nxg4 69. Kb3 Rc1 70. Kb2 Rc7 71. Rg8 Kg3 72.
Rg6 Kf4 73. Rg8 Ne3 74. Rf8+ Ke4 75. Re8+ Kd4 76. Rd8+ Kc4 77. Kc1 Kc3 78. Rd6
Rh7 79. Rc6+ Nc4 80. Kd1 Kd3 81. Ke1 Rh2 82. Kf1 Ne3+ 83. Kg1 Rg2+ 84. Kh1 Rg7
85. Rf6 Ke2 86. Rf8 Nd1 87. Re8+ Kf3 88. Rf8+ Kg3 89. Kg1 Re7 90. Rg8+ Kf3 91.
Rf8+ Ke2 92. Kg2 Ne3+ 93. Kg3 Rg7+ 94. Kf4 Rg1 95. Ke4 Rg4+ 96. Rf4 Rg8 97. Rf7
Re8+ 98. Kd4 Nc2+ 99. Kd5 Kd3 100. Rh7 Ne3+ 101. Kc5 Re5+ 102. Kd6 Ra5 103. Kc6
Nf5 104. Kb6 Re5 105. Rc7 Nd4 106. Rc8 Rb5+ 107. Ka6 Rb2 108. Ka5 Ke4 109. Ka4
Rb7 110. Ka3 Kd5 111. Ka2 Ne6 112. Rc1 Nc5 113. Rd1+ Ke4 114. Rd8 Ne6 115. Re8
Kd5 116. Rc8 Nc5 117. Rh8 Kc4 118. Rh4+ Kc3 119. Rh3+ Nd3 120. Ka1 Rf7 121. Ka2
Ra7+ 122. Kb1 Ra8 123. Rg3 Rh8 124. Ka2 Kc2 125. Rg2+ Kc3 126. Rg3 Rf8 127. Rh3
Rg8 128. Ka1 Kc4 129. Ka2 Kd4 130. Ka1 Kc3 131. Ka2 Rg2+ 132. Ka1 Re2 133. Rh1
Kb3 134. Rb1+ Ka3 135. Rh1 Nc5 136. Kb1 Nb3 137. Rh2 Re1+ 138. Kc2 Re3 139. Rh8
Re2+ 140. Kd3 Rd2+ 141. Ke3 Rd7 142. Rh4 Kb2 143. Rc4 Re7+ 144. Kf4 Nd2 145. Rc8
Kb3 146. Kf5 Nc4 147. Kf6 Re2 148. Rh8 Kc3 149. Rh4 Nd6 150. Rf4 Ne4+ 151. Kf5
Kd4 152. Rh4 Kd5 153. Kf4 Nf6 154. Rh6 Rf2+ 155. Kg5 Ke5 156. Rg6 Rg2+ 157. Kh6
Rh2+ 158. Kg7 Rh7+ 159. Kf8 Ke6 160. Rg7 Rh8+ 161. Rg8 Rxg8# 0-1

[Event "Mondiale Lampo FIDE 2019"]
[Site "Mosca"]
[Date "30.12.2019"]
[Round "20.93"]
[White "Tissir, Mohamed"]
[Black "Makarian, Rudik"]
[Result "1/2-1/2"]
[WhiteTitle "IM"]
[BlackTitle "IM"]
[WhiteElo "2379"]
[BlackElo "2397"]
[WhiteFideId "9000240"]
[BlackFideId "44105681"]
[EventDate "2019.12.29"]

1. e4 e5 2. Nf3 Nc6 3. Bc4 Bc5 4. c3 Nf6 5. d3 a5 6. Bb3 O-O 7. Nbd2 d6 8. a4
Ne7 9. O-O Ng6 10. d4 exd4 11. cxd4 Bb4 12. e5 dxe5 13. dxe5 Nd7 14. e6 fxe6 15.
Bxe6+ Kh8 16. Ne4 Nc5 17. Nxc5 Bxc5 18. Bxc8 Qxd1 19. Rxd1 Raxc8 20. Be3 Bxe3
21. fxe3 Rfe8 22. Kf2 Re7 23. Rac1 c5 24. Rxc5 Rce8 25. Rd3 b6 26. Rc6 Re4 27.
b3 Rb4 28. Rc4 Rxc4 29. bxc4 Kg8 30. Rd6 Rc8 31. Nd2 Ne5 32. Rd4 Kf7 33. Ke2 Ke6
34. Re4 Kd6 35. Rd4+ Ke6 36. Re4 Kd6 37. Rd4+ Ke6 38. Re4 Kf6 39. Rf4+ Ke6 40.
Re4 Kd6 41. Rd4+ 1/2-1/2

[Event "Mondiale Lampo FIDE 2019"]
[Site "Mosca"]
[Date "30.12.2019"]
[Round "20.94"]
[White "Luukkonen, Tommi"]
[Black "Gundavaa, Bayarsaikhan"]
[Result "0-1"]
[WhiteTitle "FM"]
[BlackTitle "GM"]
[WhiteElo "2290"]
[BlackElo "2489"]
[WhiteFideId "501808"]
[BlackFideId "4901045"]
[EventDate "2019.12.29"]

1. e4 c5 2. Nf3 d6 3. d4 cxd4 4. Nxd4 Nf6 5. Nc3 a6 6. h3 e6 7. g4 h6 8. Bg2
Nfd7 9. Be3 Nc6 10. Qe2 Be7 11. O-O-O g5 12. h4 Rg8 13. hxg5 hxg5 14. Kb1 Nde5
15. Nf3 Bd7 16. Rh7 Nxf3 17. Bxf3 Ne5 18. Rdh1 Qc7 19. Bd4 Rf8 20. Bg2 O-O-O 21.
f3 Bf6 22. Qf2 Rde8 23. Bb6 Qc6 24. Bd4 Kb8 25. R7h6 Bg7 26. R6h5 Bf6 27. Rh6
Be7 28. Bf1 Rc8 29. Qe3 b5 30. a3 Qb7 31. Rh7 a5 32. Na2 Qc6 33. c3 Kb7 34. Qe2
Nc4 35. Bg7 Rfe8 36. Bd4 e5 37. Bf2 Be6 38. Qc2 d5 39. Bd3 Kb8 40. R1h6 Qb7 41.
exd5 Qxd5 42. Be4 Nd2+ 43. Kc1 Nxe4 44. fxe4 Qxa2 0-1

[Event "Mondiale Lampo FIDE 2019"]
[Site "Mosca"]
[Date "30.12.2019"]
[Round "20.95"]
[White "Mesropov, Konstantin"]
[Black "Potapov, Pavel"]
[Result "1/2-1/2"]
[WhiteTitle "IM"]
[BlackTitle "GM"]
[WhiteElo "2422"]
[BlackElo "2482"]
[WhiteFideId "4116887"]
[BlackFideId "4169786"]
[EventDate "2019.12.29"]

1. d4 f5 2. Nc3 Nf6 3. Bg5 d5 4. e3 e6 5. Nf3 Be7 6. Bd3 Ne4 7. Bxe7 Qxe7 8. O-O
O-O 9. Ne5 Nxc3 10. bxc3 Nd7 11. Nxd7 Bxd7 12. c4 c6 13. f4 Rab8 14. a4 b6 15.
a5 b5 16. c5 a6 17. Kh1 Kh8 18. Rg1 g5 19. fxg5 Qxg5 20. Qf3 Rg8 21. Raf1 Rg7
22. g3 Rbg8 23. Qf4 Qxf4 24. gxf4 Rxg1+ 1/2-1/2

[Event "Mondiale Lampo FIDE 2019"]
[Site "Mosca"]
[Date "30.12.2019"]
[Round "20.96"]
[White "Faizrakhmanov, Ramil"]
[Black "Thing, Bibek"]
[Result "1/2-1/2"]
[WhiteTitle "IM"]
[BlackTitle "CM"]
[WhiteElo "2434"]
[BlackElo "2222"]
[WhiteFideId "24103209"]
[BlackFideId "12303135"]
[EventDate "2019.12.29"]

1. d4 Nf6 2. c4 e6 3. Nf3 d5 4. Nc3 Be7 5. Bg5 h6 6. Bh4 O-O 7. e3 Ne4 8. Bxe7
Qxe7 9. Qc2 Nxc3 10. Qxc3 c6 11. Bd3 Nd7 12. O-O Re8 13. Rfd1 a6 14. Rac1 dxc4
15. Bxc4 c5 16. d5 exd5 17. Bxd5 Rb8 18. Rd2 b6 19. Rcd1 Nf6 20. a3 Bg4 21. Qc4
Nxd5 22. Qxg4 Nf6 23. Qf4 Rbd8 24. h3 Rxd2 25. Rxd2 Rd8 26. Rxd8+ Qxd8 27. Qc4
Qd1+ 28. Kh2 Qd6+ 29. g3 b5 30. Qc2 Qd5 31. Nd2 c4 32. b3 cxb3 33. Nxb3 Ne4 34.
Nd4 Nc5 35. h4 h5 36. Nf5 Qe5 37. f4 Qc7 38. Qc3 Ne6 39. Qd3 g6 40. Nd6 Qd7 41.
Qd5 Nc7 42. Qe5 Ne6 43. e4 Nf8 44. Qd5 Qe6 45. Qd3 Qa2+ 46. Kh3 Qe6+ 47. f5 Qe5
48. fxg6 Nxg6 49. Nf5 Kh7 50. Qd7 Qe6 51. Qd4 Ne5 52. Kg2 Kg6 53. Nd6 Ng4 54.
Nf5 Nf6 55. Nd6 a5 56. e5 Ng4 57. Qe4+ Kg7 58. Nf5+ Kg8 59. Qa8+ Kh7 60. Qe4 Kg8
61. Nd4 Qxe5 62. Qxe5 Nxe5 63. Nxb5 Kg7 64. Nd4 Nc4 65. Nb5 Kf6 66. Kf3 Ke5 67.
g4 hxg4+ 68. Kxg4 f5+ 69. Kf3 Kf6 70. Kf4 Ne5 71. Nc3 Ng6+ 72. Kg3 Nxh4 73. Kxh4
Ke5 74. Kg3 Kd4 75. Nb1 Kd3 76. a4 Ke3 77. Na3 f4+ 78. Kg2 Ke2 79. Nc2 f3+ 80.
Kg3 f2 81. Nd4+ Ke3 82. Nc2+ Kd2 83. Kxf2 Kxc2 84. Ke2 Kb3 85. Kd2 Kxa4 86. Kc2 1/2-1/2

[Event "Mondiale Lampo FIDE 2019"]
[Site "Mosca"]
[Date "30.12.2019"]
[Round "20.97"]
[White "Al Ghamdi, Ahmed M"]
[Black "Carlsson, Pontus"]
[Result "0-1"]
[WhiteTitle "CM"]
[BlackTitle "GM"]
[WhiteElo "2107"]
[BlackElo "2456"]
[WhiteFideId "21500150"]
[BlackFideId "1705814"]
[EventDate "2019.12.29"]

1. e4 c5 2. Nf3 d6 3. d4 cxd4 4. Qxd4 a6 5. h3 Nc6 6. Qd3 Nf6 7. Nc3 g6 8. Bf4
Bg7 9. e5 Nh5 10. Bh2 Nxe5 11. Nxe5 Bxe5 12. Bxe5 dxe5 13. Nd5 Be6 14. O-O-O
Qxd5 15. Qxd5 Bxd5 16. Rxd5 e4 17. Be2 Nf4 18. Rd2 Nxg2 19. Rd4 f5 20. Bc4 Rd8
21. Rhd1 Rxd4 22. Rxd4 Nf4 23. h4 b5 24. Bf1 Kf7 25. a4 Rb8 26. axb5 axb5 27.
Kd2 b4 28. Ke3 Ne6 29. Rd5 Kf6 30. Ra5 Rb6 31. Bc4 h6 32. Ra7 g5 33. hxg5+ hxg5
34. Ra8 Nc5 35. Rf8+ Ke5 36. Ke2 g4 37. b3 Ne6 38. Re8 Nd4+ 39. Kd1 e6 40. Rd8
Rd6 41. Rxd6 Kxd6 42. Kd2 Nf3+ 43. Ke3 Ne5 44. Be2 Nd7 45. Kd4 Nb6 46. Bc4 e5+
47. Ke3 Nxc4+ 0-1

[Event "Mondiale Lampo FIDE 2019"]
[Site "Mosca"]
[Date "30.12.2019"]
[Round "20.98"]
[White "Miranda Neto, Jayme Amorim"]
[Black "Potkin, Vladimir"]
[Result "0-1"]
[WhiteTitle "CM"]
[BlackTitle "GM"]
[WhiteElo "2102"]
[BlackElo "2583"]
[WhiteFideId "2115964"]
[BlackFideId "4131061"]
[EventDate "2019.12.29"]

1. d4 Nf6 2. Nf3 d5 3. e3 e6 4. Bd3 c5 5. c3 Nc6 6. O-O Bd6 7. Nbd2 O-O 8. Qe2
Qc7 9. dxc5 Bxc5 10. e4 h6 11. Nb3 Bb6 12. e5 Ng4 13. Bf4 f6 14. h3 Ngxe5 15.
Nxe5 fxe5 16. Bg3 Bd7 17. Nd2 Qd8 18. Bxe5 Nxe5 19. Qxe5 Qh4 20. Nf3 Rxf3 21.
gxf3 Qxh3 22. Be2 Rf8 23. Qh2 Qf5 24. Rad1 Bc6 25. Qg3 e5 26. Bd3 e4 27. fxe4
dxe4 28. Bc4+ Kh7 29. Rd6 Qh5 30. Be6 Bc7 31. Rfd1 Bxd6 32. Qxd6 Rf6 0-1

[Event "Mondiale Lampo FIDE 2019"]
[Site "Mosca"]
[Date "30.12.2019"]
[Round "20.99"]
[White "Masrahi, Abdulrahman A"]
[Black "Studer, Noel"]
[Result "0-1"]
[WhiteTitle "CM"]
[BlackTitle "GM"]
[WhiteElo "1956"]
[BlackElo "2546"]
[WhiteFideId "21501564"]
[BlackFideId "1319620"]
[EventDate "2019.12.29"]

1. Nf3 d5 2. d4 Nf6 3. Bf4 e6 4. e3 Bd6 5. Bg3 O-O 6. Bd3 c5 7. c3 Qc7 8. Nbd2
Nbd7 9. Bxd6 Qxd6 10. Qe2 e5 11. dxc5 Nxc5 12. e4 Bg4 13. O-O Bxf3 14. Qxf3 dxe4
15. Nxe4 Qxd3 16. Nxc5 Qxf3 17. gxf3 b6 18. Ne4 Nh5 19. Rad1 Rad8 20. Nd6 Nf4
21. Rd2 h5 22. h4 Ng6 23. Rfd1 Nxh4 24. Rd3 Rd7 25. Kh2 Rfd8 26. c4 Nf5 27. Nxf5
Rxd3 28. Rxd3 Rxd3 0-1

[Event "Mondiale Lampo FIDE 2019"]
[Site "Mosca"]
[Date "30.12.2019"]
[Round "20.100"]
[White "Xu, Xiangyu"]
[Black "Al Mutairi, Hassan S"]
[Result "1-0"]
[WhiteTitle "GM"]
[BlackTitle "CM"]
[WhiteElo "2582"]
[BlackElo "1883"]
[WhiteFideId "8608288"]
[BlackFideId "21500193"]
[EventDate "2019.12.29"]

1. e4 e5 2. d4 Nc6 3. dxe5 Nxe5 4. Nf3 Nxf3+ 5. Qxf3 d6 6. Nc3 c6 7. Bc4 Qf6 8.
Qg3 Be7 9. Bf4 Be6 10. e5 dxe5 11. Bxe5 Bxc4 12. Bxf6 Nxf6 13. O-O-O O-O 14.
Rhe1 Rfe8 15. Qc7 Bc5 16. Rxe8+ Rxe8 17. Rd8 Rxd8 18. Qxd8+ Bf8 19. Qb8 Ba6 20.
Qxa7 h6 21. a3 Kh7 22. b4 Bd6 23. Qd4 Bc7 24. a4 Bf1 25. g3 Bg2 26. f4 Nd5 27.
Nxd5 Bxd5 28. Qa7 Bd6 29. Qxb7 g5 30. fxg5 hxg5 31. a5 1-0

[Event "Mondiale Lampo FIDE 2019"]
[Site "Mosca"]
[Date "30.12.2019"]
[Round "20.101"]
[White "Mamatov, Melis"]
[Black "Usov, Aleksandr E."]
[Result "1-0"]
[WhiteElo "2292"]
[BlackElo "2012"]
[WhiteFideId "13800027"]
[BlackFideId "24257109"]
[EventDate "2019.12.29"]

1. e4 c6 2. d3 d5 3. Be2 e5 4. Nf3 Bd6 5. d4 dxe4 6. Nxe5 Bxe5 7. dxe5 Qa5+ 8.
Bd2 Qxe5 9. Bc3 Qg5 10. g3 Bh3 11. Qd6 Ne7 12. Nd2 Qd5 13. Qxd5 cxd5 14. Bxg7
Rg8 15. Bf6 Rg6 16. Bc3 Nbc6 17. Nb3 O-O-O 18. O-O-O Bg4 19. Bxg4+ Rxg4 20. Rhf1
Rg6 21. f3 f5 22. Bd4 b6 23. c3 Rh6 24. Rf2 Rg6 25. Rdf1 Kb7 26. Be3 a5 27. a4
Na7 28. fxe4 dxe4 29. Nd4 Nd5 30. Re2 Rf8 31. Rxf5 Rxf5 32. Nxf5 Nc6 33. Bf4 Rf6
34. Nd6+ Ka6 35. Nxe4 Nxf4 36. gxf4 Rxf4 37. Nd6 Rxa4 38. Re8 Ka7 39. Rh8 Rh4
40. Rc8 Ne5 41. Re8 Nd3+ 42. Kc2 Nc5 43. Re7+ Ka6 44. Re2 a4 45. Nf5 Rh5 46. Nd4
Rh3 47. Rf2 Ne4 48. Re2 Nf6 49. Rg2 Nd5 50. Rf2 Ne3+ 51. Kb1 Ng4 52. Rf4 Nxh2
53. Nc6 b5 54. Nb4+ Kb6 55. Rf6+ Kc7 56. Rf5 Ng4 57. Rxb5 h5 58. Nd5+ Kc6 59.
Ra5 Rh1+ 60. Ka2 h4 61. Nf4 Rf1 62. Nh3 Rf3 63. Ng5 Rf2 64. Rxa4 Rg2 65. Nh3 Rg3
66. Ng5 Ne5 67. Ne6 h3 68. Rh4 Nf3 69. Rh6 Kd5 70. Nf4+ Ke4 71. Nxh3 Rg2 72. Rh8
Nd2 73. Re8+ Kf5 74. Rf8+ Ke6 75. Nf4+ 1-0

[Event "Mondiale Lampo FIDE 2019"]
[Site "Mosca"]
[Date "30.12.2019"]
[Round "20.102"]
[White "Al Nhier, Hamoud"]
[Black "Mikhailovsky, Vladimir"]
[Result "0-1"]
[WhiteTitle "FM"]
[BlackTitle "CM"]
[WhiteElo "1934"]
[BlackElo "2209"]
[WhiteFideId "21500045"]
[BlackFideId "34105414"]
[EventDate "2019.12.29"]

1. c4 d5 2. cxd5 c6 3. d6 Qxd6 4. Nf3 e5 5. Nc3 Nf6 6. d3 Bg4 7. Nd2 Be7 8. Nde4
Nxe4 9. Nxe4 Qc7 10. b3 O-O 11. Qc2 Nd7 12. h3 Bf5 13. Nd2 Nb6 14. g4 Bg6 15.
Bb2 Nd5 16. a3 a5 17. e3 f5 18. Be2 e4 19. dxe4 fxe4 20. Nxe4 Bh4 21. O-O-O Bxf2
22. Rxd5 Bxe4 23. Rd3 Bxh1 24. Rc3 Qe7 25. Kb1 Bxe3 26. Rc4 Rae8 27. Bd3 h6 28.
Bg6 Rd8 29. Qc3 Bg5 30. Qc2 Rd2 31. Qc3 Bd5 32. Rd4 Rxd4 33. Qxd4 Bf6 34. Qd2
Bxb2 0-1